<?xml version="1.0" encoding="UTF-8"?>
<record
    xmlns:xsi="http://www.w3.org/2001/XMLSchema-instance"
    xsi:schemaLocation="http://www.loc.gov/MARC21/slim http://www.loc.gov/standards/marcxml/schema/MARC21slim.xsd"
    xmlns="http://www.loc.gov/MARC21/slim">

  <leader>00586nam a22002057a 4500</leader>
  <controlfield tag="005">20220712103413.0</controlfield>
  <controlfield tag="008">220701b           ||||| |||| 00| 0 eng d</controlfield>
  <datafield tag="020" ind1=" " ind2=" ">
    <subfield code="a">9789350135754</subfield>
  </datafield>
  <datafield tag="040" ind1=" " ind2=" ">
    <subfield code="c">AL</subfield>
  </datafield>
  <datafield tag="041" ind1=" " ind2=" ">
    <subfield code="a">eng</subfield>
  </datafield>
  <datafield tag="082" ind1=" " ind2=" ">
    <subfield code="2">23</subfield>
    <subfield code="a">380.02</subfield>
    <subfield code="b">KOLU</subfield>
  </datafield>
  <datafield tag="100" ind1=" " ind2=" ">
    <subfield code="a">Koli L N </subfield>
    <subfield code="9">46576</subfield>
  </datafield>
  <datafield tag="245" ind1=" " ind2=" ">
    <subfield code="a">Upkars UGC NET JRF SET Commerce</subfield>
  </datafield>
  <datafield tag="260" ind1=" " ind2=" ">
    <subfield code="a">New Delhi</subfield>
    <subfield code="b">Upkars Prakashan </subfield>
    <subfield code="c">2022</subfield>
  </datafield>
  <datafield tag="300" ind1=" " ind2=" ">
    <subfield code="a">392p.</subfield>
    <subfield code="b">PB</subfield>
    <subfield code="c">27x19cm.</subfield>
  </datafield>
  <datafield tag="365" ind1=" " ind2=" ">
    <subfield code="2">General </subfield>
    <subfield code="a">2475</subfield>
    <subfield code="b">&#x20B9;304.00</subfield>
    <subfield code="c">&#x20B9;</subfield>
    <subfield code="d">&#x20B9;380.00</subfield>
    <subfield code="e">20%</subfield>
    <subfield code="f">29-06-2022</subfield>
  </datafield>
  <datafield tag="650" ind1=" " ind2=" ">
    <subfield code="2">Commerce</subfield>
    <subfield code="a">Commerce</subfield>
    <subfield code="9">48225</subfield>
  </datafield>
  <datafield tag="700" ind1=" " ind2=" ">
    <subfield code="a">Singh, Madan</subfield>
    <subfield code="9">46577</subfield>
  </datafield>
  <datafield tag="942" ind1=" " ind2=" ">
    <subfield code="2">ddc</subfield>
    <subfield code="c">BK</subfield>
  </datafield>
  <datafield tag="999" ind1=" " ind2=" ">
    <subfield code="c">223565</subfield>
    <subfield code="d">223565</subfield>
  </datafield>
  <datafield tag="952" ind1=" " ind2=" ">
    <subfield code="0">0</subfield>
    <subfield code="1">0</subfield>
    <subfield code="2">ddc</subfield>
    <subfield code="4">0</subfield>
    <subfield code="7">0</subfield>
    <subfield code="8">GEN</subfield>
    <subfield code="a">SACPG</subfield>
    <subfield code="b">SACPG</subfield>
    <subfield code="d">2022-07-01</subfield>
    <subfield code="e">Biblios Book Point</subfield>
    <subfield code="g">304.00</subfield>
    <subfield code="l">9</subfield>
    <subfield code="m">1</subfield>
    <subfield code="o">380.02 KOLU</subfield>
    <subfield code="p">PG023971</subfield>
    <subfield code="r">2025-12-15 17:56:32</subfield>
    <subfield code="s">2025-12-04</subfield>
    <subfield code="v">380.00</subfield>
    <subfield code="w">2022-07-01</subfield>
    <subfield code="y">BK</subfield>
  </datafield>
</record>
